| 000 | 00819nam a22002297a 4500 | ||
|---|---|---|---|
| 999 |
_c163093 _d163093 |
||
| 005 | 20190326150352.0 | ||
| 010 | _aENG-124937 | ||
| 020 |
_a9789381496480 _c600.00 |
||
| 035 | _aEN-108469 | ||
| 037 | _bDBAD/PUB | ||
| 082 | _a614.54 | ||
| 100 | _aBhushan Kumar | ||
| 245 |
_aIAL (Indian Association of Leprologists) hand book of leprosy/ _cby Bhushan Kumar; Tarun Narang; V.V. Dongr [and] Swapan Kumar Samanta |
||
| 260 |
_aMumbai _bBhalani Publishing House _c2018 |
||
| 270 |
_a11 Mavawala Building, Opp. Seth G.S. Medical College & K.E.M. Hospital _bMumbai _e400012 _minfo@bhalani.com |
||
| 300 |
_axviii, 258p. _c28cm.(pbk) _bill. |
||
| 500 | _aIt includes index | ||
| 700 | _aNarang, Tarun | ||
| 700 | _aDongr, V.V. | ||
| 700 | _aSamanta, Swapan Kumar | ||
| 942 |
_2ddc _cEN _h614.54 _mBHU |
||